000 00725nam a2200289Ia 4500
005 20260324115350.0
008 008 260324s9999 xx 000 0 eng d
020 _a9781351210720
037 _aEBOOK
040 _aCRL
040 _beng
040 _cCRL
041 _2eng
041 _aeng
084 _qCRL
100 _aFlevy Lasrado; Norhayati Zakaria
_91154383
245 0 _aInternalizing a Culture of Business Excellence
245 0 _bPerspectives from Quality Professionals
260 _bTaylor and Francis
260 _c2018
365 _a
365 _b80.99
856 _uhttp://www.taylorfrancis.com/books/9781351210720
942 _cEBOOK
999 _c1745222
_d1745222